La alta California española
Salvato in:
| Autore principale: | |
|---|---|
| Natura: | Libro |
| Lingua: | spagnolo |
| Pubblicazione: |
Madrid
Mapfre
1992
|
| Soggetti: | |
| Tags: |
Aggiungi Tag
Nessun Tag, puoi essere il primo ad aggiungerne!!
|
MARC
| LEADER | 00000nam a2200000 a 4500 | ||
|---|---|---|---|
| 001 | UCX6620 | ||
| 003 | CL-VaPUC | ||
| 008 | 930730e19920000SP |||||||||||||||||spa|d | ||
| 082 | 0 | 4 | |a 979.4 |b HIL |2 21 |
| 100 | |a Hilton, Sylvia L |e author |9 615007 | ||
| 245 | 1 | 3 | |a La alta California española |
| 300 | |a 366 p | ||
| 942 | |c BK | ||
| 945 | |d 19930730 00:00:00 | ||
| 260 | |a Madrid |b Mapfre |c 1992 | ||
| 650 | 0 | |a Historia |9 255047 | |
| 651 | 7 | |a CALIFORNIA |2 CL-VaPUC |9 264797 | |
| 651 | 0 | |a Estados Unidos |9 255178 | |
| 583 | |a last modification |c 19930730 00:00:00 |k Rodrigo Vera | ||
| 999 | |c 226615 |d 226613 | ||
| 952 | |0 0 |1 0 |4 0 |6 979_400000000000000_HIL_1992 |7 0 |8 A |9 225119 |a BIBHIS |b BIBHIS |d 2019-11-15 |i 2938162 |o 979.4 HIL 1992 |p 2938162 |r 2025-01-20 |w 2019-11-15 |y BK |k HIS | ||